Biomaterials : principles and applications
Saved in:
| Other Authors: | , |
|---|---|
| Format: | Book |
| Language: | English |
| Published: |
Boca Raton, FL :
CRC Press,
c2003
|
| Subjects: | |
| Tags: |
Add Tag
No Tags, Be the first to tag this record!
|
MARC
| LEADER | 00000nam a2200000 i 4500 | ||
|---|---|---|---|
| 001 | 1/36074 | ||
| 008 | 061025s2003 eng d | ||
| 020 | |a 0-8493-1491-7 | ||
| 035 | |l 10085721 | ||
| 040 | |a GR-MY-UA |b gre |e aacr | ||
| 041 | 0 | |a eng | |
| 082 | 0 | |a 610.284 |2 (22) | |
| 245 | 1 | 0 | |a Biomaterials : |b principles and applications / |c edited by Joon B. Park, Joseph D. Bronzino |
| 260 | |a Boca Raton, FL : |b CRC Press, |c c2003 | ||
| 300 | |a 250 σ.; |b εικ.; |c 26 εκ. | ||
| 504 | |a Περιλαμβάνει βιβλιογραφία και ευρετήριο | ||
| 650 | 0 | 0 | |a Biomedical materials. |
| 700 | 1 | |a Park, Joon Bu. |4 edt | |
| 700 | 1 | |a Bronzino, Joseph D. |d 1937- |4 edt | |
| 852 | |a INST |b SYROS |e 20061025 |h 610.284 BIO |p 005500007572 |q 005500007572 |t BK |y 0 | ||
| 901 | |a BIBL5-2006-3 | ||
| 909 | |a Ε |b 129567 | ||
| 922 | |a 5ΕΛΗ |b 200610 |c ΒΙΒΛΙΟΘΗΚΗ ΣΥΡΟΥ |d ΜΙΧΑΛΟΠΟΥΛΟΣ | ||
| 950 | |a 188-2006-09-18 | ||
| 970 | |a ΚΟΝΤΟΥ |b ΠΑΡΑΣΚΕΥΗ |z 2006/12/21 | ||